A guide to the planets.

Bibliographic Details
Main Author: Moore, Patrick
Format: Book
Language:English
Published: New York : Norton, [1954]
Edition:[1st ed.].
Subjects:

MARC

Tag First Indicator Second Indicator Subfields
LEADER 00000cam a2200000 4500
001 in00000044238
005 20151007071034.0
008 721212s1954 nyua 00000 eng u
010 |a  54013043  
035 |a (OCoLC)00512371 
035 |9 AAE5200AM 
040 |c KSU  |d OCL  |d TXA  |d UtOrBLW 
049 |a TXAM  |c [245002] 
050 0 0 |a QB44  |b .M55 
092 |a 523.2  |b M823g 
100 1 |a Moore, Patrick. 
245 1 2 |a A guide to the planets. 
250 |a [1st ed.]. 
264 1 |a New York :  |b Norton,  |c [1954] 
300 |a 254 pages :  |b illustrations ;  |c 24 cm. 
336 |a text  |b txt  |2 rdacontent 
337 |a unmediated  |b n  |2 rdamedia 
338 |a volume  |b nc  |2 rdacarrier 
651 0 |a Solar system. 
999 |a MARS 
999 f f |s 7a1193fc-481d-3be6-9fba-66525a0be0e6  |i 224ee32c-8ae2-3b82-922c-d1ba76a53171  |t 0 
952 f f |p ric  |a Texas A&M University  |b Rellis Campus  |c Joint Library Facility  |d Remote Storage  |t 0  |e QB44 .M55  |h Library of Congress classification  |i unmediated -- volume  |m A14800901287 
998 f f |a QB44 .M55  |t 0  |l Remote Storage